চুুক্তি আইন/ (Record no. 3422)
[ view plain ]
| 000 -LEADER | |
|---|---|
| fixed length control field | 00777nam a2200229Ia 4500 |
| 003 - CONTROL NUMBER IDENTIFIER | |
| control field | BUBTL |
| 008 - FIXED-LENGTH DATA ELEMENTS--GENERAL INFORMATION | |
| fixed length control field | 151213s9999 xx 000 0 und d |
| 041 ## - LANGUAGE CODE | |
| Language code of text/sound track or separate title | বাংলা ও ইংরেজি |
| 082 ## - DEWEY DECIMAL CLASSIFICATION NUMBER | |
| Classification number | 346.022/ J243l/ 2008 |
| 100 ## - MAIN ENTRY--PERSONAL NAME | |
| Personal name | জামিল, সৈয়দ হাসান |
| 9 (RLIN) | 5467 |
| 245 ## - TITLE STATEMENT | |
| Title | চুুক্তি আইন/ |
| Statement of responsibility, etc. | সৈয়দ হাসান জামিল |
| 250 ## - EDITION STATEMENT | |
| Edition statement | ১ম সং |
| 260 ## - PUBLICATION, DISTRIBUTION, ETC. (IMPRINT) | |
| Place of publication, distribution, etc. | ঢাকা |
| Name of publisher, distributor, etc. | সামছ পাবলিকেশন্স |
| Date of publication, distribution, etc. | c2008 |
| 300 ## - PHYSICAL DESCRIPTION | |
| Extent | 497 p. : |
| Other physical details | ill. 22 cm. |
| 526 ## - STUDY PROGRAM INFORMATION NOTE | |
| Program name | Law |
| 650 ## - SUBJECT ADDED ENTRY--TOPICAL TERM | |
| Topical term or geographic name as entry element | Law |
| 650 ## - SUBJECT ADDED ENTRY--TOPICAL TERM | |
| Topical term or geographic name as entry element | |
| 700 ## - ADDED ENTRY--PERSONAL NAME | |
| Personal name | সৈয়দ হাসান জামিল |
| 9 (RLIN) | 5516 |
| 856 ## - ELECTRONIC LOCATION AND ACCESS | |
| Password | 0 |
| Logon | 0 |
| Link text | Download |
| 942 ## - ADDED ENTRY ELEMENTS (KOHA) | |
| Source of classification or shelving scheme | |
| Koha item type | Books |
| Withdrawn status | Lost status | Source of classification or shelving scheme | Damaged status | Not for loan | Collection code | Permanent location | Current location | Shelving location | Date acquired | Source of acquisition | Inventory number | Total Checkouts | Full call number | Barcode | Date last seen | Copy number | Price effective from | Koha item type | Date last checked out |
|---|---|---|---|---|---|---|---|---|---|---|---|---|---|---|---|---|---|---|---|
| Not For Loan | Non-fiction | Bangladesh University of Business and Technology Library | Bangladesh University of Business and Technology Library | Law Stacks | 09/05/2008 | Purchase | 5919 | 346.022/ J243l/ 2008 | BUBTL-20035919 | 10/08/2023 | C-1 | 10/08/2023 | Books | ||||||
| Non-fiction | Bangladesh University of Business and Technology Library | Bangladesh University of Business and Technology Library | Law Stacks | 09/05/2008 | Purchase | 5922 | 1 | 346.022/ J243l/ 2008 | BUBTL-20035922 | 03/03/2024 | C-2 | 10/08/2023 | Books | 02/29/2024 | |||||
| Non-fiction | Bangladesh University of Business and Technology Library | Bangladesh University of Business and Technology Library | Law Stacks | 09/05/2008 | Purchase | 5924 | 346.022/ J243l/ 2008 | BUBTL-20035924 | 10/08/2023 | C-3 | 10/08/2023 | Books |
